000 00530nam a2200193 i 4500
001 45322
003 ES-MaACL
005 20230906161211.0
007 t|
008 030325s1892 sp ||||1| spa d
100 1 _aColón, Cristóbal.
_939869
245 1 0 _aRelación y cartas de Cristóbal Colón.
260 _aMadrid :
_bViuda de Hernando,
_c1892.
300 _aXXIV, 424 p. ;
_c18 cm.
490 1 _aBiblioteca clásica
830 0 _aBiblioteca clásica
_9180370
852 _aES-MaACL
_jF-13070
999 _c45322
_d45322